| 000 | 01814nam a2200265 a 4500 | ||
|---|---|---|---|
| 001 | 75409 | ||
| 003 | BD-RjUL | ||
| 005 | 20260401102710.0 | ||
| 008 | 190406s2017 bg a|||| mb|| 00| 0dben d | ||
| 035 | _a(BD-RjUL)75627 | ||
| 040 |
_aBD-RjUL _bben/eng _cBD-RjUL _dBD-RjUL |
||
| 041 | _aben | ||
| 082 |
_223 _a909.07 _bMOC 2017 |
||
| 100 | 1 |
_aমোস্তফা, মোহা. গোলাম _9230080 |
|
| 245 | 1 | 0 |
_aক্রুসেড = Crusade : _bপরিপ্রেক্ষিত ও প্রভাব (খ্রিষ্টীয় একাদশ-ত্রয়োদশ শতক) = Perspective and Impact (11th-13th Century) / _cমোহা. গোলাম মোস্তফা _6গবেষণা তত্ত্বাবধায়ক : মো. ফজলুল হক |
| 246 |
_aCrusade : _bPerspective and Impact (11th-13th Century) |
||
| 260 |
_aরাজশাহী : _bইসলামের ইতিহাস ও সংস্কৃতি বিভাগ, রাজশাহী বিশ্ববিদ্যালয় , _c২০১৭ |
||
| 300 |
_ax, ৩৯০ পাতা : _bচিত্র ; _c৩০ সেমি. |
||
| 502 | _aথিসিস (পিএইচ. ডি.) -- ইসলামের ইতিহাস ও সংস্কৃতি বিভাগ, রাজশাহী বিশ্ববিদ্যালয় , ২০১৭. | ||
| 504 | _aগ্রন্থপঞ্জি : পাতা [৩৫৭] - ৩৭০ | ||
| 650 |
_aক্রুসেড _xইতিহাস _yখ্রিষ্টীয় একাদশ-ত্রয়োদশ শতক _9230082 |
||
| 650 |
_aCrusade _xHistory _y11th-13th Century _9230083 |
||
| 700 |
_aহক, মো. ফজলুল, গবেষণা তত্ত্বাবধায়ক _917944 |
||
| 942 |
_2ddc _cTHE |
||
| 999 |
_c75409 _d75409 |
||